Регионална библиотека "Любен Каравелов" - Русе

Тайните на Втората световна война (Запис номер 130647)

MARC детайли
000 -Лидер
Контролно поле с фиксирана дължина 01928nam a2200445 c 4500
003 - Код на организацията, давaща контролен номер
Контролно поле BLK
005 - Дата и час на последна редакция
Контролно поле 20241230122505.0
008 - Елементи от данни с фиксирана дължина
fixed length control field 180409b bul|||||r ||||||| ||bul||
010 ## - Наследен системен номер
LC control number KNG00136416000
020 ## - Международен стандартен номер на книга ISBN
Международен стандартен номер на книга ISBN 978-954-28-1189-3
040 ## - Източник на каталожния запис
Идентификатор на билиотеката - собственик на записа BLK
041 ## - Код за език
Код за езика на текст/звукозапис или на отделно заглавие Български
Код за езика КДБФ Български
072 #7 - Код за тематичната категория
Код организация bullib
Код за тематична категория Н92
Текст История Н
080 ## - УДК
Текстов определител УДК История на Втората световна война (1939-1945)
УДК код - определител по УДК 94(100)"1939/1945"
УДК - код + определител 94(100)"1939/1945"
080 ## - УДК
Текстов определител УДК История на Европа от 1945 г.
УДК код - определител по УДК 940.55
УДК - код + определител 940.55
080 ## - УДК
Текстов определител УДК Втора световна война
УДК код - определител по УДК 355.48(100)"1939/1945"
УДК - код + определител 355.48(100)"1939/1945"
100 1# - Редна дума - Автор
Автор Рийс, Лорънс
Авторска отговорност първи автор
R(LIN) 322317
139 ## - Редно поле
Редна дума Рийс, Лорънс
Авторски знак Риз - Р 60
245 10 - Сведения за заглавието
Заглавие Тайните на Втората световна война
Подзаглавни данни Сталин, нацистите и Западът
Редно поле (дума) Лорънс Рийс; прев. от англ. Красимир Желязков.
257 ## - Страна на издаване
Страна на създаване/издаване Великобритания
260 ## - Област на издателските данни
Име на издателя, разпространителя и проч. Сиела Софт енд Паблишинг
Година на издаване 2012
300 ## - Физическа характеристика
Страници 480 с.
Илюстрации и др. с к., 8 л. : сн.
Размери/Мащаб 21 см
380 ## - Жанр
Жанр История
500 ## - Общи забележки
Забележка Ориг. загл. Behing closed doors : Stalin, the Nazis and the West / Laurence Rees.
650 #4 - Допълнително описание по предмет – тема
Основно описание – тема или топоним Втора световна война - история
9 (RLIN) 276224
650 #4 - Допълнително описание по предмет – тема
Основно описание – тема или топоним Европа - история, 1945 -
9 (RLIN) 277583
650 #4 - Допълнително описание по предмет – тема
Основно описание – тема или топоним Военна история
9 (RLIN) 250898
653 ## - Ключова дума – ненормативна
Ключова дума Втора световна война
653 ## - Ключова дума – ненормативна
Ключова дума история
653 ## - Ключова дума – ненормативна
Ключова дума европейска история
659 ## - Тематичен бюлетин
Тематичен бюлетин Н
700 1# - Други автори (авторска отговорност)
Лично име Желязков, Красимир
Автороска отговорност (Описва отношението между автора и произведението) прев. от англ.
9 (RLIN) 373926
852 ## - Местоположение
Форматна сигнатура Цб 256897
856 4# - Електронен адрес и достъп
Електронен формат pdf - файл
856 4# - Електронен адрес и достъп
Електронен формат pdf - файл
999 ## - СИСТЕМНИ КОНТРОЛНИ НОМЕРА
Koha biblionumber 130647
Koha biblioitemnumber 130647
942 ## - АРТИКУЛИ
Вид на библиотечния материал Книги
Скрит в OPAC Не
Koha issues (borrowed), all copies 10
Периодичен библиозапис Да
944 ## - СЪЗДАВАНЕ И РЕДАКЦИЯ на ЗАПИСА
Създаване/Редакция Създаване
Дата на регистрацията/редакция 18.10.2010
Статус, дата на статуса Валя Йорданова
Служител, извършил регистрацията/редакцията 30558
944 ## - СЪЗДАВАНЕ И РЕДАКЦИЯ на ЗАПИСА
Създаване/Редакция Редакция
Дата на регистрацията/редакция 23.03.2016
Статус, дата на статуса ф /
Служител, извършил регистрацията/редакцията Людмила_Стоянова
999 ## - СИСТЕМНИ КОНТРОЛНИ НОМЕРА
Koha biblioitemnumber 130647
Наличности
Код за отписване Код за изгубен артикул Източник на класификационната схема Код за повреда Коз за рестрикции Код за отдаване Артикулен № Име на библиотеката - собственик Име на библиотеката, в която се намира в момента Статус (Текущо местоположение) Дата на вписване в системата Местоположение - отдел Цена в лева Инвентарен номер Систематично азбучна сигнатура Баркод Номер на екземпляра Цена в евро Служебна бележка Служебен тип на артикула
  Не е изгубен Universal Decimal Classification Не е повреден без рестрикции заемане за дома 212602 Регионална библиотека "Любен Каравелов" Русе Регионална библиотека "Любен Каравелов" Русе Заемна - подръчен фонд 2012-11-21 Заемна - подръчен фонд 10.48 120000761228 94(100)"1939/1945"/Р 60 Л 120000761228 1 5.36 Дост: Pk Вид: Ф N: 820000048 Дата: 09.11.2012 Дата инв: 07.02.2018 Бележки инв: П2018 Книги
Изтеглен Не е изгубен Universal Decimal Classification Не е повреден без рестрикции заемане за дома 212603 Регионална библиотека "Любен Каравелов" Русе Регионална библиотека "Любен Каравелов" Русе Заемна - подръчен фонд 2012-11-27 Заемна - подръчен фонд 16.00 120000761783 П 940.53/Р 60 120000761783 2 8.18 Дост: Pk Вид: Ф N: 323 Дата: 19.11.2012 Дата инв: 07.02.2018 Бележки инв: П2018 Книги
  Не е изгубен   Не е повреден без рестрикции ползва се в читалня 212604 Регионална библиотека "Любен Каравелов" Русе Регионална библиотека "Любен Каравелов" Русе Хранилище 2014-03-12 Хранилище 16.00 120000775529 Цб 256897 120000775529 3 8.18 Дост: Dp Вид: Д N: 11 Дата: 18.03.2013 Книги
  Не е изгубен Universal Decimal Classification Не е повреден без рестрикции заемане за дома 212605 Регионална библиотека "Любен Каравелов" Русе Регионална библиотека "Любен Каравелов" Русе Заемна - подръчен фонд 2016-01-19 Заемна - подръчен фонд 16.00 120000796871 94(100)"1939/1945"/Р 60 Л 120000796871 4 8.18 Дост: DA Вид: А N: 1 Дата: 19.01.2016 Дата инв: 07.02.2018 Бележки инв: П2018 Книги
Vip Innovations Ltd, Rousse, Bulgaria 2025